000 00311pab a2200145 454500
008 180718b1989 xxu||||| |||| 00| 0 eng d
100 _aBanerji, Pranab
245 _aA cautions budget
260 _c1989
300 _a4-5
362 _a16 Apr.
650 _aBudget - India
773 _aYojana
909 _a4734
999 _c4734
_d4734